000 00290nam a22001337a 4500
008 170906b xxu||||| |||| 00| 0 eng d
020 _a0131667785
041 _aeng
080 _a72
100 _a41
101 _aARK
245 _a COMPUTEER ARCHITECTURE
_cKAIN.R.Y
942 _2udc
_cBK
999 _c26375
_d26375